Catálogo de la Biblioteca Horacio González - Universidad Nacional de General Sarmiento

La antena (Registro nro. 54920)

Detalles MARC
000 -CABECERA
campo de control de longitud fija 01361ngm a22003010a 4500
001 - NÚMERO DE CONTROL
campo de control PT35848
003 - IDENTIFICADOR DEL NÚMERO DE CONTROL
campo de control AR-LpoUNG
005 - FECHA Y HORA DE LA ÚLTIMA TRANSACCIÓN
campo de control 20210202000452.0
007 - CAMPO FIJO DE DESCRIPCIÓN FÍSICA--INFORMACIÓN GENERAL
campo de control de longitud fija vd cvaizq
008 - DATOS DE LONGITUD FIJA--INFORMACIÓN GENERAL
campo de control de longitud fija 191001s2007||||ag |||||||||||||||||spa d
037 ## - FUENTE DE ADQUISICIÓN
Condiciones de disponibilidad $7.80
037 ## - FUENTE DE ADQUISICIÓN
Condiciones de disponibilidad $8,91
040 ## - FUENTE DE LA CATALOGACIÓN
Centro catalogador/agencia de origen AR-LpoUNG
Lengua de catalogación spa
Centro/agencia transcriptor AR-LpoUNG
Normas de descripción aacr
041 ## - CÓDIGO DE LENGUA
Código de lengua del texto/banda sonora o título independiente spa
-- eng
044 ## - CÓDIGO DEL PAÍS DE LA ENTIDAD EDITORA/PRODUCTORA
Código MARC del país ag
082 0# - NÚMERO DE LA CLASIFICACIÓN DECIMAL DEWEY
Número de clasificación 302.23 241ant
100 1# - ENTRADA PRINCIPAL--NOMBRE DE PERSONA
Nombre de persona Sapir, Esteban
Término indicativo de función/relación dir.
245 13 - MENCIÓN DE TÍTULO
Título La antena
260 ## - PUBLICACIÓN, DISTRIBUCIÓN, ETC.
Lugar de publicación, distribución, etc. San Luis :
Nombre del editor, distribuidor, etc. AVH,
Fecha de publicación, distribución, etc. 2007.
300 ## - DESCRIPCIÓN FÍSICA
Extensión DVD (97 min.) : son., col.
505 0# - NOTA DE CONTENIDO CON FORMATO
Nota de contenido con formato Subtítulos en inglés. - Elenco: Alejandro Urdapilleta, Rafael Ferro, Florencia Raggi, Julieta Cardinali, Valeria Bertuccelli, Ricardo Merkin, Raúl Hochman, Carlos Piñeiro. - Créditos: Dirección de producción, Alejandro Cinelli; jefe de producción, Claudia Ferrero; jefe de locaciones, Agustín Miranda; asistente de dirección, Ana Laura Gussoni, María Alejandra Uz; fotografía, Christian Cottet; dirección de arte, Daniel Gimelberg; vestuario, Andrea Mattio; monaje, Pablo Buján.
520 ## - SUMARIO, ETC.
Sumario, etc. Una ciudad entera ha quedado sin voz. El Sr. TV. dueño del único canal de televisión, lleva adelante un siniestro plan secreto para someter eternamente a cada una de las almas de esta Ciudad.
653 ## - TÉRMINO DE INDIZACIÓN--NO CONTROLADO
Término no controlado CINE ARGENTINO
653 ## - TÉRMINO DE INDIZACIÓN--NO CONTROLADO
Término no controlado DOCUMENTALES
653 ## - TÉRMINO DE INDIZACIÓN--NO CONTROLADO
Término no controlado VIDEOS
905 ## - ELEMENTOS DE DATOS E LOCAL, LDE (RLIN)
a 35848
942 ## - ELEMENTOS DE PUNTO DE ACCESO ADICIONAL (KOHA)
Tipo de ítem Koha DVD
Existencias
Estado de retiro Estado de pérdida Estado dañado No para préstamo Código de colección Localización permanente Ubicación/localización actual Fecha de adquisición Total de préstamos Signatura topográfica completa Código de barras Fecha visto por última vez Precio válido a partir de Tipo de ítem Koha Fuente del sistema de clasificación o colocación
        Colección Cine Biblioteca Universidad Nacional de General Sarmiento Biblioteca Universidad Nacional de General Sarmiento 02/02/2021   302.23 241ant 00043240 02/02/2021 02/02/2021 DVD  
        Colección Cine Biblioteca Universidad Nacional de General Sarmiento Biblioteca Universidad Nacional de General Sarmiento 02/02/2021   302.23 241ant 00043857 02/02/2021 02/02/2021 DVD Dewey Decimal Classification
        Colección Cine Biblioteca Universidad Nacional de General Sarmiento Biblioteca Universidad Nacional de General Sarmiento 02/02/2021   302.23 241ant 00043894 02/02/2021 02/02/2021 DVD